Nr. 1 Hits in Deutschland 2005 - Statistiken

Allgemein
  • Dieses Quiz wurde 61 mal gespielt
  • Das Durchschnittsergebnis liegt bei 7 aus 15
Antwortstatistiken
Wochen auf Platz 1 Lied Interpret % Korrekt
5 Wochen Durch den Monsun Tokio Hotel
96%
3 Wochen Candy Shop 50 Cent feat. Olivia
85%
9 Wochen Hung Up Madonna
80%
10 Wochen Schnappi Schnappi, das kleineKrokodil
69%
2 Wochen Don’t Cha Pussycat Dolls feat.Busta Rhymes
67%
3 Wochen From Zero to Hero Sarah Connor
61%
8 Wochen Lonely Akon
50%
1 Woche Sweetest Poison Nu Pagadi
44%
2 Wochen Liebe ist Nena
26%
1 Woche La camisa negra Juanes
24%
1 Woche Let Me Love You Mario
24%
2 Wochen First Day of My Life Melanie C
22%
2 Wochen Tripping Robbie Williams
22%
4 Wochen Maria US5
15%
2 Wochen Cowboy Ch!pz
7%
Keine übereinstimmenden Quizze gefunden
Verteilung der Resultate
Anzahl Personen mit jedem Resultat
Perzentil nach korrekt beantworteten Fragen
Ihre Resultats-Entwicklung
Sie haben dieses Quiz noch nicht gespielt